Text Book of Medical Surgical Nursing for BSc Nursing (Record no. 142013)

MARC details
000 -LEADER
fixed length control field 00423nam a2200157Ia 4500
008 - FIXED-LENGTH DATA ELEMENTS--GENERAL INFORMATION
fixed length control field 230314s9999 xx 000 0 und d
020 ## - INTERNATIONAL STANDARD BOOK NUMBER
International Standard Book Number 978-93-81579-85-5
041 ## - LANGUAGE CODE
Language code of text/sound track or separate title eng
082 ## - DEWEY DECIMAL CLASSIFICATION NUMBER
Classification number MS/610.7361/VEN/B08521
100 ## - MAIN ENTRY--PERSONAL NAME
Personal name Venkatesan B
9 (RLIN) 179929
245 ## - TITLE STATEMENT
Title Text Book of Medical Surgical Nursing for BSc Nursing
260 ## - PUBLICATION, DISTRIBUTION, ETC. (IMPRINT)
Name of publisher, distributor, etc. EMMESS
Place of publication, distribution, etc. Bangalore
Date of publication, distribution, etc. 2015
300 ## - PHYSICAL DESCRIPTION
Extent 1033
906 ## - LOCAL DATA ELEMENT F, LDF (RLIN)
b BSC
Holdings
Withdrawn status Lost status Damaged status Not for loan Collection code Home library Current library Date acquired Vendor Cost, normal purchase price Bill number Total Checkouts Total Renewals Full call number Barcode Date last seen Date last checked out Cost, replacement price Bill Date Koha item type Original Barcode
        MS Smt. Bakul Tambat Institute of Nursing Education Smt. Bakul Tambat Institute of Nursing Education 30/03/2017 Samutkarsh 1395.00 249 21 14 MS 610.7361 VEN B08524 BTIN-BK-8524 16/07/2025 30/06/2025 1018.35 17/02/2016 Books B08524